[Event "4NCL 3 South pool B"]
[Site "Telford, ENG ENG"]
[Date "2016.01.16"]
[Round "3.95"]
[White "Farkas, Daniel"]
[Black "Jones, Steven A"]
[Result "1-0"]
[WhiteElo "2107"]
[BlackElo "2180"]
[PlyCount "47"]
[EventDate "2016.01.16"]
[WhiteTeam "Fermented Sharks"]
[BlackTeam "Surbiton"]

1. e4 c5 2. c3 d5 3. exd5 Qxd5 4. d4 cxd4 5. cxd4 Nc6 6. Nf3 e5 7. Nc3 Bb4 8.
Bd2 Bxc3 9. Bxc3 e4 10. Ne5 Nxe5 11. dxe5 Ne7 12. Qa4+ Bd7 13. Qb4 a5 14. Qa3
Bc6 15. Rd1 Qe6 16. Qc5 Rc8 17. Bc4 Qg4 18. O-O O-O 19. Qxe7 e3 20. f3 Qxc4 21.
Rd4 Qxa2 22. Re1 Bxf3 23. gxf3 Rxc3 24. Rd8 1-0

[Event "4NCL 3 South pool B"]
[Site "Telford, ENG ENG"]
[Date "2016.01.16"]
[Round "3.96"]
[White "Shepherd, Paul D"]
[Black "Agnew, Alan"]
[Result "1/2-1/2"]
[WhiteElo "2081"]
[BlackElo "2105"]
[PlyCount "60"]
[EventDate "2016.01.16"]
[WhiteTeam "Surbiton"]
[BlackTeam "Fermented Sharks"]

1. e4 d6 2. d4 Nf6 3. Nc3 e5 4. Nf3 Nbd7 5. g3 g6 6. Bg2 Bg7 7. O-O O-O 8. h3
c6 9. a4 Re8 10. Re1 Qc7 11. a5 b5 12. axb6 Nxb6 13. dxe5 dxe5 14. b3 Rd8 15.
Qe2 a5 16. Bb2 Ba6 17. Qe3 Nfd7 18. Bf1 Bf8 19. Ba3 Bxf1 20. Rxf1 c5 21. Rfd1
f6 22. Nd5 Nxd5 23. Rxd5 Nb6 24. Rxd8 Rxd8 25. c4 a4 26. Rb1 Qd6 27. bxa4 Nxc4
28. Qb3 Qd3 29. Kg2 Qxb3 30. Rxb3 Ra8 1/2-1/2

[Event "4NCL 3 South pool B"]
[Site "Telford, ENG ENG"]
[Date "2016.01.16"]
[Round "3.97"]
[White "Millward, Kevin P"]
[Black "Seymour, Timothy P"]
[Result "1/2-1/2"]
[WhiteElo "1988"]
[BlackElo "2079"]
[PlyCount "89"]
[EventDate "2016.01.16"]
[WhiteTeam "Fermented Sharks"]
[BlackTeam "Surbiton"]

1. d4 Nf6 2. Nf3 e6 3. Bf4 c5 4. e3 Be7 5. c3 Nh5 6. Bg3 Nxg3 7. hxg3 d5 8. Ne5
Nd7 9. Nd2 Nxe5 10. dxe5 Bd7 11. Bd3 Qc7 12. Nf3 g6 13. e4 O-O-O 14. Qe2 Kb8
15. exd5 exd5 16. O-O-O Bg4 17. Rde1 Bg5+ 18. Kb1 Rde8 19. Qc2 Bd8 20. c4 d4
21. Nh2 Bd7 22. f4 Bc6 23. Nf3 Qd7 24. Be4 Re6 25. Bxc6 Qxc6 26. Qe4 Qa4 27.
Qd3 h5 28. Re2 Rhe8 29. Rhe1 Ba5 30. Rc1 Qd7 31. Ng5 R6e7 32. Ne4 Qc6 33. Nf6
Rh8 34. Rh1 Re6 35. Nd5 Bd8 36. g4 f6 37. exf6 Rxe2 38. Qxe2 Bxf6 39. g5 Re8
40. Qd2 Bg7 41. Re1 Re6 42. a3 Qe8 43. Rxe6 Qxe6 44. Qd3 Bf8 45. Kc2 1/2-1/2

[Event "4NCL 3 South pool B"]
[Site "Telford, ENG ENG"]
[Date "2016.01.16"]
[Round "3.98"]
[White "Crombleholme, Alan K"]
[Black "Dydak, Mateusz"]
[Result "0-1"]
[WhiteElo "2075"]
[BlackElo "1875"]
[PlyCount "98"]
[EventDate "2016.01.16"]
[WhiteTeam "Surbiton"]
[BlackTeam "Fermented Sharks"]

1. Nf3 g6 2. d4 Bg7 3. e4 Nf6 4. e5 Nd5 5. c4 Nb6 6. Be2 d6 7. O-O O-O 8. exd6
cxd6 9. Nc3 Nc6 10. Be3 Bg4 11. b3 Re8 12. Rc1 e5 13. dxe5 dxe5 14. c5 Nc8 15.
h3 Bf5 16. g4 Bd7 17. Ng5 h6 18. Nge4 f5 19. Nd6 Nxd6 20. Qxd6 Kh7 21. Rfd1 Nd4
22. Bxd4 exd4 23. Bf3 Qc8 24. Ne2 fxg4 25. hxg4 Be5 26. Qd5 Bc6 27. Qf7+ Bg7
28. Bxc6 Qxg4+ 29. Bg2 Rxe2 30. Qf3 Qxf3 31. Bxf3 Re7 32. Re1 Rae8 33. Kf1 h5
34. Rcd1 Kh6 35. Bxb7 Kg5 36. c6 Rxe1+ 37. Rxe1 Rxe1+ 38. Kxe1 Be5 39. Bc8 Kf4
40. Ke2 Ke4 41. f3+ Kf4 42. Bh3 g5 43. Bf1 Kg3 44. Kd3 h4 45. Ke4 Bc7 46. Kxd4
Kxf3 47. Kd5 g4 48. Bd3 g3 49. Be4+ Kf2 0-1

[Event "4NCL 3 South pool B"]
[Site "Telford, ENG ENG"]
[Date "2016.01.16"]
[Round "3.99"]
[White "Hermes, Geoff R"]
[Black "Wright, Jonathan"]
[Result "1/2-1/2"]
[WhiteElo "1892"]
[BlackElo "1902"]
[PlyCount "91"]
[EventDate "2016.01.16"]
[WhiteTeam "Fermented Sharks"]
[BlackTeam "Surbiton"]

1. e4 c5 2. Nf3 Nc6 3. Bb5 g6 4. O-O Bg7 5. c3 Nf6 6. e5 Nd5 7. d4 Nc7 8. Ba4
O-O 9. Re1 d6 10. Bxc6 bxc6 11. exd6 Qxd6 12. dxc5 Qxd1 13. Rxd1 Bg4 14. Re1
Bxf3 15. gxf3 Nd5 16. a3 e6 17. c4 Ne7 18. Ra2 Nf5 19. Kg2 Rfd8 20. b4 Nh4+ 21.
Kg3 Nf5+ 22. Kg2 Rd3 23. Be3 Rad8 24. b5 Bf6 25. Kf1 Nd4 26. Bxd4 Bxd4 27. Ke2
Bxc5 28. a4 Bb4 29. Rc1 c5 30. a5 R3d6 31. Nc3 f5 32. f4 Kf7 33. Na4 Rd2+ 34.
Rxd2 Rxd2+ 35. Ke3 Rd8 36. Rb1 Bxa5 37. Ke2 Bb4 38. Nb2 Bc3 39. Nd3 Bd4 40. Rb3
Kf6 41. Ra3 Rd7 42. Ra6 Rc7 43. Nc1 Ke7 44. Nb3 Bc3 45. Kd3 Be1 46. Ke2 1/2-1/2

[Event "4NCL 3 South pool B"]
[Site "Telford, ENG ENG"]
[Date "2016.01.16"]
[Round "3.100"]
[White "Alcock, Graham P"]
[Black "Mc Aleenan, Charles"]
[Result "1-0"]
[WhiteElo "1806"]
[BlackElo "1885"]
[PlyCount "63"]
[EventDate "2016.01.16"]
[WhiteTeam "Surbiton"]
[BlackTeam "Fermented Sharks"]

1. e4 e6 2. d4 d5 3. Bd3 dxe4 4. Bxe4 Nf6 5. Bf3 c5 6. dxc5 Qxd1+ 7. Bxd1 Bxc5
8. Nf3 Nc6 9. Nc3 O-O 10. O-O a6 11. Bf4 b5 12. Ne2 Bb7 13. c3 Rfe8 14. h3 e5
15. Be3 Bxe3 16. fxe3 Nd5 17. Kf2 e4 18. Nfd4 Ne5 19. Nf4 Nxf4 20. exf4 Nd3+
21. Ke3 Nxb2 22. Bb3 Rac8 23. Rac1 Nc4+ 24. Ke2 Rc5 25. g4 Rd8 26. Rfd1 Nb2 27.
Ne6 Nxd1 28. Nxc5 Nxc3+ 29. Rxc3 Ba8 30. Nxa6 h6 31. Ke3 g6 32. Nb4 1-0

[Event "4NCL 3 South pool B"]
[Site "Telford, ENG ENG"]
[Date "2016.01.16"]
[Round "3.105"]
[White "Gill, Oliver"]
[Black "Redman, David J"]
[Result "1-0"]
[WhiteElo "2083"]
[BlackElo "2252"]
[PlyCount "95"]
[EventDate "2016.01.16"]
[WhiteTeam "Wessex"]
[BlackTeam "Poisoned Pawns"]

1. e4 e6 2. d4 d5 3. exd5 exd5 4. c4 Nf6 5. Nc3 Be6 6. Bg5 Bb4 7. cxd5 Bxd5 8.
Qe2+ Qe7 9. Bxf6 gxf6 10. Qxe7+ Kxe7 11. a3 Bxc3+ 12. bxc3 Nc6 13. Nh3 Rae8 14.
Nf4 Kd8+ 15. Kd2 Na5 16. Nxd5 Nb3+ 17. Kd1 Nxa1 18. Bc4 b5 19. Ba2 Nc2 20. Kxc2
Re2+ 21. Kb3 Rxf2 22. g3 Re8 23. Nf4 a5 24. Bb1 h5 25. Bd3 c6 26. Nxh5 Kc7 27.
Nf4 a4+ 28. Kb4 Rb2+ 29. Kc5 Rb3 30. c4 Rc3 31. Kb4 Rb3+ 32. Kc5 Rc3 33. Rb1
Rb8 34. d5 Rxa3 35. d6+ Kd8 36. cxb5 cxb5 37. Bxb5 Rb3 38. Rxb3 axb3 39. Nd3
Rc8+ 40. Kb4 Rc2 41. Kxb3 Rxh2 42. Nc5 Rd2 43. Kc3 Rd1 44. Ba4 Rb1 45. Kc4 Rc1+
46. Kd5 Rc3 47. Kc6 f5 48. Kb6 1-0

[Event "4NCL 3 South pool B"]
[Site "Telford, ENG ENG"]
[Date "2016.01.16"]
[Round "3.106"]
[White "Byway, Paul V"]
[Black "De Coverly, Roger D"]
[Result "1/2-1/2"]
[WhiteElo "2098"]
[BlackElo "2077"]
[PlyCount "73"]
[EventDate "2016.01.16"]
[WhiteTeam "Poisoned Pawns"]
[BlackTeam "Wessex"]

1. Nf3 Nf6 2. c4 g6 3. d4 Bg7 4. Nc3 O-O 5. e3 c5 6. Be2 cxd4 7. exd4 d5 8. c5
b6 9. O-O Ne4 10. Qb3 Nxc3 11. bxc3 bxc5 12. dxc5 Nc6 13. Be3 Rb8 14. Qa4 Bd7
15. Bb5 Qc7 16. Rad1 a6 17. Bxc6 Bxc6 18. Qh4 e5 19. Rfe1 Rbe8 20. Rb1 f5 21.
Bh6 d4 22. Bxg7 Qxg7 23. cxd4 Bxf3 24. gxf3 exd4 25. Red1 f4 26. c6 g5 27. Qh3
Rf7 28. Qf1 Kh8 29. h3 h5 30. Qc4 Rd8 31. Rb7 Rxb7 32. cxb7 Qxb7 33. Rxd4 Rxd4
34. Qxd4+ Qg7 35. Qd8+ Kh7 36. Qd3+ Qg6 37. Qd7+ 1/2-1/2

[Event "4NCL 3 South pool B"]
[Site "Telford, ENG ENG"]
[Date "2016.01.16"]
[Round "3.107"]
[White "Pleasants, Allan J"]
[Black "Kemp, Paul R"]
[Result "1/2-1/2"]
[WhiteElo "2049"]
[BlackElo "2094"]
[PlyCount "48"]
[EventDate "2016.01.16"]
[WhiteTeam "Wessex"]
[BlackTeam "Poisoned Pawns"]

1. e4 c6 2. d4 d5 3. Nc3 dxe4 4. Nxe4 Bf5 5. Ng3 Bg6 6. h4 h6 7. Nh3 e6 8. Nf4
Bh7 9. Bc4 Nf6 10. Qe2 Bd6 11. Ngh5 O-O 12. Be3 Nbd7 13. O-O-O Nxh5 14. Nxh5
Nf6 15. Rhg1 a5 16. Nxf6+ Qxf6 17. Bd3 a4 18. g4 Bxd3 19. Qxd3 Bf4 20. g5 hxg5
21. hxg5 Bxe3+ 22. fxe3 Qg6 23. e4 Rfd8 24. Qe3 Rd7 1/2-1/2

[Event "4NCL 3 South pool B"]
[Site "Telford, ENG ENG"]
[Date "2016.01.16"]
[Round "3.108"]
[White "McMahon, Paul"]
[Black "Adaway, William"]
[Result "0-1"]
[WhiteElo "2008"]
[BlackElo "1977"]
[PlyCount "94"]
[EventDate "2016.01.16"]
[WhiteTeam "Poisoned Pawns"]
[BlackTeam "Wessex"]

1. Nc3 c5 2. g3 Nc6 3. Bg2 g6 4. Nf3 Bg7 5. e4 e6 6. O-O Nge7 7. Re1 O-O 8. d3
d6 9. Bg5 h6 10. Be3 Nd4 11. Qc1 Kh7 12. Ne2 Nxf3+ 13. Bxf3 e5 14. h4 f5 15.
Bg2 Nc6 16. c3 f4 17. Nxf4 exf4 18. Bxf4 Ne5 19. Bxe5 dxe5 20. Qe3 Qe7 21. a4
a5 22. Reb1 h5 23. Qe1 Qd7 24. Qe2 Ra6 25. Qc2 Raf6 26. Rf1 Rd8 27. Rfd1 Rdf8
28. Rf1 Rd8 29. Rfd1 Rd6 30. Bf1 c4 31. d4 exd4 32. Bxc4 dxc3 33. Rxd6 Qxd6 34.
bxc3 Qc5 35. Bb5 Qxc3 36. Qxc3 Bxc3 37. Rc1 Bg7 38. Rc7 b6 39. f4 Bg4 40. Kf2
Kh6 41. Rc6 Rc8 42. Rd6 Bf8 43. Rd3 Be6 44. Rd2 Bb4 45. Rd1 Rc2+ 46. Kf1 Bh3+
47. Kg1 Bc5+ 0-1

[Event "4NCL 3 South pool B"]
[Site "Telford, ENG ENG"]
[Date "2016.01.16"]
[Round "3.109"]
[White "Marsh, Roger D W"]
[Black "Judkins, Brian D"]
[Result "1/2-1/2"]
[WhiteElo "2003"]
[BlackElo "1861"]
[PlyCount "140"]
[EventDate "2016.01.16"]
[WhiteTeam "Wessex"]
[BlackTeam "Poisoned Pawns"]

1. d4 Nf6 2. c4 g6 3. Nc3 Bg7 4. e4 d6 5. Be2 O-O 6. Bg5 Nbd7 7. Nf3 c6 8. O-O
Qc7 9. h3 e5 10. dxe5 dxe5 11. Qc2 Re8 12. Rfd1 Nf8 13. c5 Ne6 14. Be3 Bd7 15.
b4 Red8 16. a4 a6 17. a5 Be8 18. Bc4 Rxd1+ 19. Rxd1 Bd7 20. Ng5 Nxg5 21. Bxg5
h6 22. Be3 Rd8 23. Qd2 g5 24. f3 Nh5 25. h4 Nf4 26. hxg5 hxg5 27. g3 Nh3+ 28.
Kh2 Bf6 29. Qd6 Qxd6 30. Rxd6 Kg7 31. Rxd7 Rxd7 32. Kxh3 Kg6 33. g4 Be7 34. Be2
Rd8 35. Nd1 Rh8+ 36. Kg2 Rd8 37. Nf2 Rd7 38. Nh1 Rd8 39. Ng3 Bf8 40. Nf5 Rd7
41. Kf2 Rd8 42. Ke1 Rd7 43. Bc4 Rd8 44. Bd2 Rd7 45. Bc3 f6 46. Ke2 Rd8 47. Bb3
Rd7 48. Be6 Rd8 49. Ne3 Re8 50. Bf5+ Kf7 51. Nc4 Rd8 52. Nxe5+ fxe5 53. Bxe5
Bg7 54. Bd6 Re8 55. Kd3 Be5 56. Kc4 Bf6 57. f4 gxf4 58. Bxf4 Be5 59. Bxe5 Rxe5
60. g5 Re8 61. Kd4 Re7 62. e5 Re8 63. Bd7 Rg8 64. e6+ Ke7 65. Ke3 Rxg5 66. Bc8
Rg4 67. Bxb7 Rxb4 68. Bxa6 Ra4 69. Bb7 Rxa5 70. Bxc6 Rxc5 1/2-1/2

[Event "4NCL 3 South pool B"]
[Site "Telford, ENG ENG"]
[Date "2016.01.16"]
[Round "3.115"]
[White "Mercs, Peter J"]
[Black "Cooper, David M"]
[Result "0-1"]
[WhiteElo "2114"]
[BlackElo "2056"]
[PlyCount "80"]
[EventDate "2016.01.16"]
[WhiteTeam "Ashfield-Breadsall 1"]
[BlackTeam "Warwickshire Select 2"]

1. e4 e6 2. d4 d5 3. Nd2 Nf6 4. e5 Nfd7 5. Bd3 c5 6. c3 Nc6 7. Ne2 cxd4 8. cxd4
f6 9. exf6 Nxf6 10. Nf3 Bd6 11. O-O Qc7 12. Bg5 O-O 13. Rc1 h6 14. Bh4 Nh5 15.
Bg3 Nxg3 16. hxg3 g5 17. Bb5 Bd7 18. Qd3 Be8 19. Bxc6 bxc6 20. Ne5 Bxe5 21.
dxe5 Qxe5 22. Nd4 Rf6 23. f4 gxf4 24. gxf4 Qh5 25. f5 exf5 26. Nxf5 Bg6 27.
Ne7+ Kh7 28. Qd4 Re6 29. Rce1 Be4 30. Qb4 Re8 31. Nxc6 Qg6 32. Rxe4 dxe4 33.
Nd4 Rb6 34. Qc3 Rg8 35. Qc2 Rg7 36. Nf5 Rf7 37. Ne3 Rxf1+ 38. Kxf1 Rc6 39. Qd2
Qd6 40. Nd5 Rc5 0-1

[Event "4NCL 3 South pool B"]
[Site "Telford, ENG ENG"]
[Date "2016.01.16"]
[Round "3.116"]
[White "Stepanyan, Henrik"]
[Black "Combie, Alex B"]
[Result "1-0"]
[WhiteElo "2132"]
[BlackElo "2051"]
[PlyCount "149"]
[EventDate "2016.01.16"]
[WhiteTeam "Warwickshire Select 2"]
[BlackTeam "Ashfield-Breadsall 1"]

1. c4 Nf6 2. Nc3 g6 3. d4 Bg7 4. e4 d6 5. Nf3 O-O 6. h3 e5 7. d5 a5 8. Be2 Na6
9. Be3 Nd7 10. g4 Ndc5 11. g5 f5 12. gxf6 Bxf6 13. Qd2 Bd7 14. Bh6 Bg7 15. Bg5
Qc8 16. Be3 Bf6 17. h4 Bg4 18. O-O-O Bxf3 19. Bxf3 Bxh4 20. Bh5 Bf6 21. Rdg1
Bg7 22. Bg4 Qe8 23. Kb1 Qe7 24. Rg3 Rf7 25. Rgh3 Bh8 26. Nb5 Nxe4 27. Qc2 Nec5
28. Nc3 e4 29. Rg1 Nb4 30. Qd2 Nbd3 31. Bh5 Ra6 32. Bxg6 hxg6 33. Bxc5 dxc5 34.
Qh6 Rh7 35. Rxg6+ Rxg6 36. Qxg6+ Rg7 37. Qh5 Rg1+ 38. Kc2 Bg7 39. Qh7+ Kf8 40.
Qf5+ Ke8 41. Nxe4 Ne1+ 42. Kb3 a4+ 43. Kxa4 Qd7+ 44. Qxd7+ Kxd7 45. Nxc5+ Kd8
46. Nxb7+ Kc8 47. Rb3 Rg4 48. Na5 Bd4 49. Nc6 Bb6 50. Kb5 Bxf2 51. Rh3 Bh4 52.
Re3 Kd7 53. Ne5+ Kc8 54. Nxg4 Nc2 55. Rh3 Be7 56. c5 Nd4+ 57. Kc4 Nf5 58. a4
Kb7 59. b4 Bd8 60. Rf3 Nh4 61. Rf7 Ng2 62. d6 Kc8 63. d7+ Kb7 64. Rf8 Bh4 65.
d8=Q Bxd8 66. Rxd8 Nf4 67. Kb5 Ne6 68. c6+ Ka7 69. Rd7 Nd8 70. Rxc7+ Kb8 71.
Kb6 Ne6 72. Re7 Nd8 73. Re8 Kc8 74. b5 Kb8 75. Rxd8# 1-0

[Event "4NCL 3 South pool B"]
[Site "Telford, ENG ENG"]
[Date "2016.01.16"]
[Round "3.117"]
[White "Walker, Andrew N"]
[Black "Fallowfield, Jeremy R"]
[Result "0-1"]
[WhiteElo "2084"]
[BlackElo "2092"]
[PlyCount "64"]
[EventDate "2016.01.16"]
[WhiteTeam "Ashfield-Breadsall 1"]
[BlackTeam "Warwickshire Select 2"]

1. b3 e5 2. Bb2 Nc6 3. e3 d5 4. Bb5 Bd6 5. Nf3 f6 6. Na3 Qe7 7. Qc1 Bd7 8. O-O
Nh6 9. Be2 a6 10. c4 e4 11. Ne1 d4 12. exd4 Nxd4 13. Bxd4 Bxa3 14. Bb2 Bd6 15.
d3 f5 16. f4 Rg8 17. g3 O-O-O 18. d4 c6 19. c5 Bc7 20. b4 g5 21. Ng2 gxf4 22.
Nxf4 Ng4 23. Bc4 Qg5 24. Qd2 Nxh2 25. Qxh2 Bxf4 26. Rxf4 Qxf4 27. Rf1 Rxg3+ 28.
Kh1 Qe3 29. Bc1 Qc3 30. Bd2 Qxc4 31. Qxg3 Qxf1+ 32. Kh2 Qe2+ 0-1

[Event "4NCL 3 South pool B"]
[Site "Telford, ENG ENG"]
[Date "2016.01.16"]
[Round "3.118"]
[White "Ingram, Keith R"]
[Black "George, Andrew P"]
[Result "1-0"]
[WhiteElo "1996"]
[BlackElo "2035"]
[PlyCount "105"]
[EventDate "2016.01.16"]
[WhiteTeam "Warwickshire Select 2"]
[BlackTeam "Ashfield-Breadsall 1"]

1. e4 c5 2. Nf3 g6 3. d4 Bg7 4. Bc4 cxd4 5. Nxd4 Nc6 6. c3 Nf6 7. Nxc6 bxc6 8.
e5 Nd5 9. Bxd5 cxd5 10. Qxd5 Ba6 11. Nd2 O-O 12. Nf3 Rb8 13. c4 Qc7 14. Be3 Bb7
15. Qc5 Qxc5 16. Bxc5 Bxf3 17. gxf3 d6 18. Bd4 dxe5 19. Bc3 Rfd8 20. Rd1 Rd6
21. b3 Ra6 22. Rd2 f6 23. Ke2 Bh6 24. Rb2 Bf4 25. h3 Rd8 26. Rd1 Rxd1 27. Kxd1
Rd6+ 28. Ke2 Kf7 29. b4 Ke6 30. b5 Bc1 31. Rb3 Kd7 32. a4 Kc8 33. a5 Re6 34. c5
e4 35. a6 Bf4 36. fxe4 Rxe4+ 37. Kf3 Ra4 38. Bb4 Bc7 39. Bd2 Bb8 40. Be3 e5 41.
Kg2 e4 42. Bh6 f5 43. Bd2 Ra2 44. Bc3 Ra4 45. Rb4 Ra2 46. Rb2 Ra4 47. Rd2 Rc4
48. Ba5 Bc7 49. b6 axb6 50. cxb6 Ra4 51. b7+ Kb8 52. Bxc7+ Kxc7 53. Rc2+ 1-0

[Event "4NCL 3 South pool B"]
[Site "Telford, ENG ENG"]
[Date "2016.01.16"]
[Round "3.119"]
[White "Garnett, John S"]
[Black "Ali, Golam S"]
[Result "1-0"]
[WhiteElo "1969"]
[BlackElo "2012"]
[PlyCount "97"]
[EventDate "2016.01.16"]
[WhiteTeam "Ashfield-Breadsall 1"]
[BlackTeam "Warwickshire Select 2"]

1. d4 Nf6 2. Bg5 e6 3. e4 Be7 4. e5 Nd5 5. Bxe7 Qxe7 6. c4 Nf4 7. Nc3 Nc6 8. g3
Ng6 9. h4 d6 10. h5 Nf8 11. Qg4 f6 12. exd6 cxd6 13. Qe4 Bd7 14. Nge2 O-O-O 15.
Bg2 Kb8 16. b4 f5 17. Qf3 e5 18. Nd5 Qf7 19. b5 Na5 20. Qc3 b6 21. dxe5 Rc8 22.
Qf3 Rxc4 23. Ne3 Re4 24. Nc3 Qc4 25. Nxe4 fxe4 26. Nxc4 exf3 27. Bf1 Nxc4 28.
Bxc4 dxe5 29. O-O-O Kc7 30. Rhe1 Ne6 31. Bxe6 Bxe6 32. Rxe5 Bxa2 33. Re7+ Kb8
34. Rdd7 g6 35. Rxa7 Bd5 36. Rxh7 Rc8+ 37. Kd2 gxh5 38. Rad7 Ba8 39. Rxh5 Re8
40. Rh6 Re2+ 41. Kc3 Kc8 42. Rg7 Re8 43. Rxb6 Bd5 44. Rh6 Kb8 45. Kd4 Bb7 46.
Rhh7 Rd8+ 47. Rd7 Rxd7+ 48. Rxd7 Kc8 49. Rxb7 1-0

[Event "4NCL 3 South pool B"]
[Site "Telford, ENG ENG"]
[Date "2016.01.16"]
[Round "3.120"]
[White "Roberts, Nick W"]
[Black "Jarvis, Derek A"]
[Result "1/2-1/2"]
[WhiteElo "1956"]
[BlackElo "1929"]
[PlyCount "162"]
[EventDate "2016.01.16"]
[WhiteTeam "Warwickshire Select 2"]
[BlackTeam "Ashfield-Breadsall 1"]

1. d4 Nf6 2. Nf3 e6 3. g3 c5 4. c3 d5 5. Bg2 Nc6 6. O-O Bd6 7. Nbd2 cxd4 8.
cxd4 Qb6 9. e3 O-O 10. b3 Bd7 11. Bb2 Rac8 12. a3 Qc7 13. Rc1 Qb8 14. Re1 Ne7
15. Qe2 Rxc1 16. Rxc1 Rc8 17. Qd1 Ng6 18. Rc2 h6 19. Qc1 Rc6 20. Bf1 Qc7 21.
Bd3 Rxc2 22. Qxc2 Qxc2 23. Bxc2 a5 24. Ne5 Be8 25. Nxg6 fxg6 26. h4 Kf7 27. Kg2
Bc6 28. Nf3 Nd7 29. Kf1 b6 30. Ke1 Bb5 31. g4 Nf6 32. g5 Ng8 33. Ne5+ Bxe5 34.
dxe5 Be8 35. a4 b5 36. Bd4 Ne7 37. f4 bxa4 38. bxa4 Nf5 39. Bb6 Nxh4 40. Kf2
Nf5 41. Bxa5 h5 42. Bb6 Bc6 43. a5 Bb5 44. Bc5 Ke8 45. e4 dxe4 46. Bxe4 Ba6 47.
Kf3 Kd7 48. Bb4 Kc7 49. Kf2 Kd7 50. Bc5 Kc7 51. Ke1 Bb7 52. Bb6+ Kb8 53. Bd3
Bc6 54. a6 h4 55. Kf2 Ka8 56. Kg1 h3 57. Kh2 Bg2 58. Bf2 Kb8 59. a7+ Ka8 60.
Bb5 Ne7 61. Bd7 Bd5 62. Kxh3 Nc6 63. Bxc6+ Bxc6 64. Bc5 Be4 65. Kg3 Kb7 66. Kf2
Bb1 67. Ke3 Bc2 68. Kd2 Bb1 69. Kc3 Bf5 70. Kb4 Bd3 71. Be3 Bb1 72. Kc5 Be4 73.
Kd6 Bf5 74. Ke7 Bg4 75. Kf7 Bf5 76. Kxg7 Ka8 77. Kf7 Kb7 78. Ke7 Ka8 79. Kd6
Kb7 80. Kd7 Ka8 81. Kc7 Bb1 1/2-1/2

[Event "4NCL 3 South pool B"]
[Site "Telford, ENG ENG"]
[Date "2016.01.16"]
[Round "3.125"]
[White "Adebajo, Olufemi"]
[Black "Amato, Giampiero"]
[Result "1/2-1/2"]
[WhiteElo "1963"]
[BlackElo "2004"]
[PlyCount "48"]
[EventDate "2016.01.16"]
[WhiteTeam "MK Phoenix 2"]
[BlackTeam "CSC Rhinos [2]"]

1. e4 e5 2. Nf3 Nf6 3. Nxe5 d6 4. Nxf7 Kxf7 5. d4 Qe8 6. f3 g6 7. Be3 Bg7 8.
Nc3 Na6 9. Qd2 c6 10. Be2 Be6 11. O-O Rf8 12. f4 Kg8 13. Rae1 Qd7 14. h3 d5 15.
e5 Ne4 16. Nxe4 dxe4 17. c4 Nc7 18. a4 a6 19. a5 Rf7 20. Qc2 Bxh3 21. gxh3 Qxh3
22. Qxe4 Qg3+ 23. Kh1 Qh3+ 24. Kg1 Qg3+ 1/2-1/2

[Event "4NCL 3 South pool B"]
[Site "Telford, ENG ENG"]
[Date "2016.01.16"]
[Round "3.126"]
[White "Vlcek, Marek"]
[Black "Valentine, Brian J"]
[Result "1/2-1/2"]
[WhiteElo "1990"]
[BlackElo "1969"]
[PlyCount "81"]
[EventDate "2016.01.16"]
[WhiteTeam "CSC Rhinos [2]"]
[BlackTeam "MK Phoenix 2"]

1. Nf3 Nf6 2. c4 c5 3. Nc3 Nc6 4. g3 g6 5. Bg2 Bg7 6. O-O O-O 7. d3 Rb8 8. a3
a6 9. Rb1 b5 10. cxb5 axb5 11. Bf4 d6 12. Ng5 Nd4 13. b4 e5 14. Bd2 Bd7 15. e3
Nf5 16. Nge4 cxb4 17. Nxf6+ Bxf6 18. Rxb4 Ne7 19. Qb1 Qa5 20. Ne4 Nd5 21. Rd4
Qxd2 22. Nxd2 Nc3 23. Qb4 exd4 24. Qxd6 Be6 25. Ne4 Bg7 26. Nxc3 dxc3 27. d4
Rfc8 28. Rc1 Bf8 29. Qa6 b4 30. axb4 Bc4 31. Qa7 Rxb4 32. Be4 Be6 33. Kg2 f5
34. Qa6 Kf7 35. d5 Bd7 36. Qa7 Ke8 37. Bd3 Be7 38. Qa6 Ra4 39. Qb6 Rb4 40. Qa7
Ra4 41. Qb6 1/2-1/2

[Event "4NCL 3 South pool B"]
[Site "Telford, ENG ENG"]
[Date "2016.01.16"]
[Round "3.127"]
[White "Williamson, Kevin J"]
[Black "Mashayekh, Majid"]
[Result "1/2-1/2"]
[WhiteElo "1963"]
[BlackElo "1945"]
[PlyCount "92"]
[EventDate "2016.01.16"]
[WhiteTeam "MK Phoenix 2"]
[BlackTeam "CSC Rhinos [2]"]

1. d4 Nf6 2. Nc3 d5 3. Bg5 e6 4. Nf3 Be7 5. Bxf6 Bxf6 6. e4 dxe4 7. Nxe4 Be7 8.
Bd3 Nd7 9. Qd2 Nf6 10. O-O-O Qd5 11. Nxf6+ Bxf6 12. Kb1 Bd7 13. Rhe1 O-O-O 14.
Be4 Qd6 15. Ne5 Bxe5 16. dxe5 Qxd2 17. Rxd2 Bc6 18. Rxd8+ Rxd8 19. Bxc6 bxc6
20. Kc1 Rd5 21. f4 Ra5 22. a3 Kd7 23. Re3 Ra4 24. g3 h5 25. Rd3+ Ke7 26. Rc3
Kd7 27. Kd2 h4 28. Ke3 hxg3 29. hxg3 Ra5 30. Rd3+ Ke7 31. b4 Ra4 32. Kd4 a5 33.
Kc5 axb4 34. axb4 Ra2 35. c4 Ra6 36. g4 g6 37. g5 Ke8 38. Rh3 Kd7 39. Rh7 Ke7
40. Rh8 Kd7 41. Rh7 Ke7 42. Rh2 Kd7 43. Rd2+ Ke7 44. Rd4 Ke8 45. b5 cxb5 46.
cxb5 Ra1 1/2-1/2

[Event "4NCL 3 South pool B"]
[Site "Telford, ENG ENG"]
[Date "2016.01.16"]
[Round "3.128"]
[White "Fowler, David"]
[Black "Majer, Chris E"]
[Result "1-0"]
[WhiteElo "1897"]
[BlackElo "1939"]
[PlyCount "63"]
[EventDate "2016.01.16"]
[WhiteTeam "CSC Rhinos [2]"]
[BlackTeam "MK Phoenix 2"]

1. d4 Nf6 2. c4 c5 3. d5 b5 4. Qc2 d6 5. e4 Nbd7 6. Bd3 g6 7. b3 Bg7 8. Bb2 O-O
9. Nf3 bxc4 10. Bxc4 Ng4 11. Bxg7 Kxg7 12. O-O Nge5 13. Nbd2 Qb6 14. Nxe5 Nxe5
15. f4 Nd7 16. Qc3+ f6 17. Nf3 a5 18. e5 Qb4 19. Qe3 Ba6 20. Rac1 Bxc4 21. Rxc4
Qb6 22. e6 Nb8 23. f5 Rh8 24. Ng5 Na6 25. Nf7 h6 26. fxg6 Qb7 27. Rf5 Nb4 28.
Rh4 Nc2 29. Qh3 Nd4 30. Rxh6 Qb4 31. Rh7+ Kxg6 32. Qh5# 1-0

[Event "4NCL 3 South pool B"]
[Site "Telford, ENG ENG"]
[Date "2016.01.16"]
[Round "3.129"]
[White "Matthews, Adrian M S"]
[Black "Lees, Fraser A"]
[Result "1-0"]
[WhiteElo "1873"]
[BlackElo "1836"]
[PlyCount "83"]
[EventDate "2016.01.16"]
[WhiteTeam "MK Phoenix 2"]
[BlackTeam "CSC Rhinos [2]"]

1. e4 g6 2. Nc3 Bg7 3. d4 d6 4. Nf3 Nd7 5. Bc4 e6 6. Bg5 Ne7 7. Qd2 Nb6 8. Bb3
h6 9. Bh4 O-O 10. O-O Bd7 11. a4 a5 12. Nb5 g5 13. Bg3 Bxb5 14. axb5 a4 15. Ba2
Rc8 16. c4 c5 17. dxc5 dxc5 18. Rad1 Qxd2 19. Rxd2 g4 20. Ne5 Rfd8 21. Rfd1 Rd4
22. Rxd4 cxd4 23. b3 axb3 24. Bxb3 f6 25. Nd3 Nd7 26. Bd6 Ng6 27. c5 Kf7 28.
Ra1 Bf8 29. Bxf8 Ngxf8 30. Ra7 Rb8 31. Kf1 Kg6 32. Ke2 Rc8 33. Nf4+ Kf7 34.
Rxb7 Rxc5 35. Nxe6 Rc2+ 36. Bxc2 Kxe6 37. Rc7 Ne5 38. b6 Nfd7 39. b7 Kd6 40.
Rc8 Nc6 41. Ba4 d3+ 42. Kd2 1-0

[Event "4NCL 3 South pool B"]
[Site "Telford, ENG ENG"]
[Date "2016.01.16"]
[Round "3.130"]
[White "Cooke, Charlie"]
[Black "Whiteside, Robert"]
[Result "1-0"]
[WhiteElo "1847"]
[BlackElo "1814"]
[PlyCount "83"]
[EventDate "2016.01.16"]
[WhiteTeam "CSC Rhinos [2]"]
[BlackTeam "MK Phoenix 2"]

1. d4 Nf6 2. c4 g6 3. Nc3 Bg7 4. e4 d6 5. Nf3 O-O 6. Be2 e5 7. d5 Nbd7 8. O-O
a5 9. Bg5 h6 10. Bd2 Nc5 11. Qc2 Nh5 12. h3 f5 13. Rfe1 fxe4 14. Nxe4 Nxe4 15.
Qxe4 Bf5 16. Qe3 Nf4 17. Bc3 Qd7 18. Nh4 Bxh3 19. gxh3 Nxh3+ 20. Kg2 Rxf2+ 21.
Kg3 h5 22. Nxg6 Rf5 23. Nh4 Rg5+ 24. Kh2 Rf8 25. Rf1 Nf4 26. Rg1 Qe7 27. Nf3
Rg4 28. Rg3 Rh4+ 29. Kg1 Rg4 30. Rxg4 hxg4 31. Nh2 Nh3+ 32. Kh1 Qh4 33. Rf1
Rxf1+ 34. Bxf1 Bh6 35. Be1 Qf6 36. Qe2 Nf4 37. Nxg4 Qg6 38. Nxh6+ Kf8 39. Qh2
Qe4+ 40. Kg1 Qxe1 41. Nf5 b6 42. Qh8+ 1-0